Legal Requisites for Social Workers in Child Abuse and Neglect Situations

Gespeichert in:  
Bibliographische Detailangaben
VerfasserInnen: Howing, P. T. (Verfasst von) ; Wodarski, J. S. (Verfasst von)
Medienart: Druck Aufsatz
Sprache:Englisch
Veröffentlicht: 1992
In: Social work
Jahr: 1992, Band: 37, Heft: 4, Seiten: 330-337
Verfügbarkeit prüfen: HBZ Gateway
Schlagwörter:

MARC

LEADER 00000caa a22000002c 4500
001 1640143912
003 DE-627
005 20220608131229.0
007 tu
008 160223s1992 xx ||||| 00| ||eng c
035 |a (DE-627)1640143912 
035 |a (DE-576)456063536 
035 |a (DE-599)BSZ456063536 
040 |a DE-627  |b ger  |c DE-627  |e rakwb 
041 |a eng 
100 1 |a Howing, P. T.  |4 aut 
245 1 0 |a Legal Requisites for Social Workers in Child Abuse and Neglect Situations  |c P.T Howing, J.S Wodarski 
264 1 |c 1992 
336 |a Text  |b txt  |2 rdacontent 
337 |a ohne Hilfsmittel zu benutzen  |b n  |2 rdamedia 
338 |a Band  |b nc  |2 rdacarrier 
700 1 |a Wodarski, J. S.  |4 aut 
773 0 8 |i In  |t Social work  |d Cary, NC : Oxford University Press, 1956  |g 37(1992), 4, Seite 330-337  |w (DE-627)129973947  |w (DE-600)410783-4  |w (DE-576)015536939  |x 0037-8046  |7 nnas 
773 1 8 |g volume:37  |g year:1992  |g number:4  |g pages:330-337 
935 |a mkri 
951 |a AR 
ELC |b 1 
LOK |0 000 xxxxxcx a22 zn 4500 
LOK |0 001 3301509320 
LOK |0 003 DE-627 
LOK |0 004 1640143912 
LOK |0 005 20160223101227 
LOK |0 008 160208||||||||||||||||ger||||||| 
LOK |0 040   |a DE-21-110  |c DE-627  |d DE-21-110 
LOK |0 689   |a s  |a Intervention 
LOK |0 689   |a s  |a Kindesvernachlässigung 
LOK |0 689   |a s  |a Kindesmissbrauch 
LOK |0 852   |z Kein Bestand am IfK; Nachweis für KrimDok 
LOK |0 852   |a DE-21-110 
LOK |0 852 1  |m v  |9 00 
LOK |0 935   |a k110 
LOK |0 938   |k v 
LOK |0 939   |a 08-02-16  |b l01 
ORI |a SA-MARC-krimdoka001.raw